| 000 | 00991cam a22002294a 4500 | ||
|---|---|---|---|
| 005 | 20250605164209.0 | ||
| 008 | 250528s ||||||||||||||||||||||||d | ||
| 035 | _a20152 | ||
| 020 | _a333134354 | ||
| 040 |
_aGR-AtMCL _bgre _dGR-AtMCL _eAACR2 |
||
| 245 | 1 | _aStrikes and Industrial Conflict / Britain and Scandinavia | |
| 250 | _a1st | ||
| 260 | _c1974 | ||
| 300 | _a96 | ||
| 520 | _aThis book explains why the British and Scandinavian systems of industrial relations differ and how this is associated with the fact that Britain has a much higher level of strike activity. The Ross and Hartman Thesis, Patterns of Strike Activity, Institutionalization and Industrial Infrastructure, The Development of Industrial Relations in Scandinavia, The Development of Industrial Relations in Great Britain, Conclusion, Bibliography. | ||
| 700 | 1 |
_aGiddens Anthony _9516 |
|
| 700 | 1 |
_aIngham Geoffrey K _96202 |
|
| 700 | 1 |
_aMacmillan _9736 |
|
| 942 | _cBK | ||
| 999 |
_c5291 _d5291 |
||